The spray-paint mystery / (Record no. 1195)

MARC details
000 -LEADER
fixed length control field 01088cam a22002893a 4500
005 - DATE AND TIME OF LATEST TRANSACTION
control field 20231124093803.0
020 ## - INTERNATIONAL STANDARD BOOK NUMBER
International Standard Book Number 078073003990
040 ## - CATALOGING SOURCE
Original cataloging agency VPL
Transcribing agency VPL
Modifying agency SLC
-- OCL
-- DLC
Language of cataloging eng
050 00 - LIBRARY OF CONGRESS CALL NUMBER
Classification number PZ8.M551155
082 ## - DEWEY DECIMAL CLASSIFICATION NUMBER
Classification number 509
100 1# - MAIN ENTRY--PERSONAL NAME
Personal name Medearis, Angela Shelf
Dates associated with a name 1956-
245 14 - TITLE STATEMENT
Title The spray-paint mystery /
Statement of responsibility, etc. Angela Shelf Medearis ; illustrated by Richard Williams.
260 ## - PUBLICATION, DISTRIBUTION, ETC.
Place of publication, distribution, etc. New York :
Name of publisher, distributor, etc. Scholastic,
Date of publication, distribution, etc. 1996
300 ## - PHYSICAL DESCRIPTION
Extent 102 pages :
Other physical details Illustrations ;
Dimensions 20 cm
500 ## - GENERAL NOTE
General note "A Little Apple paperback."
505 ## - FORMATTED CONTENTS NOTE
Formatted contents note J <br/>
520 ## - SUMMARY, ETC.
Summary, etc. Someone's been painting graffiti on the walls. It's up to Cameron to find out who and prove that he can be a great detective just like his dad. With help from his best friend, Tarann, it's up to him to solve this paint puzzle!
521 ## - TARGET AUDIENCE NOTE
Target audience note 470 <br/>
Source Lexile <br/>
521 ## - TARGET AUDIENCE NOTE
Target audience note J <br/>
Source Raz-Plus <br/>
650 #0 - SUBJECT ADDED ENTRY--TOPICAL TERM
Topical term or geographic name entry element Graffiti
Form subdivision Juvenile fiction.
655 #7 - INDEX TERM--GENRE/FORM
Genre/form data or focus term Mystery fiction.
Source of term gsafd
655 #0 - INDEX TERM--GENRE/FORM
Genre/form data or focus term Children's stories.
700 1# - ADDED ENTRY--PERSONAL NAME
Personal name Williams, Richard
Dates associated with a name 1950-
906 ## - LOCAL DATA ELEMENT F, LDF (RLIN)
a 7
b cbc
c copycat
d 2
e ncip
f 19
g y-genrareb
942 ## - ADDED ENTRY ELEMENTS (KOHA)
Source of classification or shelving scheme Dewey Decimal Classification
Koha item type Books
Suppress in OPAC No
999 ## -
-- 1195
-- 1195
Holdings
Withdrawn status Lost status Source of classification or shelving scheme Damaged status Not for loan Collection Home library Current library Shelving location Date acquired Total Checkouts Full call number Barcode Date last seen Date last checked out Copy number Price effective from Koha item type
    Dewey Decimal Classification     Juvenile Fiction Footprints International School Library Network Toul Kork Campus Footprints International School Library Network Toul Kork Campus   08/08/2023 1 MED 509 PZ7.M51274 FIS00629 01/15/2024 01/08/2024 1 08/08/2023 Books
    Dewey Decimal Classification     Juvenile Fiction Footprints International School Library Network Toul Kork Campus Footprints International School Library Network Toul Kork Campus   08/08/2023 3 MED 509 PZ7.M51274 FISBK00804 03/11/2024 03/04/2024 2 08/08/2023 Books